[Event "Dvorkovich Memorial rapid op"]
[Site "Taganrog"]
[Date "2018.01.14"]
[Round "11"]
[White "Zakharov, Alexander V"]
[Black "Triapishko, Alexandr"]
[Result "0-1"]
[WhiteElo "2281"]
[BlackElo "2531"]
[PlyCount "76"]
[EventDate "2018.01.13"]
[EventType "swiss (rapid)"]
[EventRounds "11"]
[EventCountry "RUS"]
[SourceTitle "CBM 182 Extra"]
[Source "ChessBase"]
[SourceDate "2018.02.23"]
[SourceVersion "1"]
[SourceVersionDate "2018.02.23"]
[SourceQuality "1"]

1. e4 e5 2. Nf3 Nc6 3. Bb5 a6 4. Ba4 d6 5. c4 Nf6 6. Nc3 Bg4 7. h3 Bxf3 8. Qxf3 Nd7 9. Bxc6 bxc6 10. d3 Nc5 11. 0-0 g6 12. Qd1 Bg7 13. f4 exf4 14. d4 Ne6 15. d5 Nd4 16. Bxf4 0-0 17. Qd2 c5 18. Rae1 Qe7 19. Nd1 Rfb8 20. b3 a5 21. Nf2 a4 22. bxa4 Rb2 23. Qd3 Rxa4 24. Bc1 Rc2 25. e5 dxe5 26. Ne4 Raxa2 27. Rf2 Rxf2 28. Nxf2 f5 29. Be3 e4 30. Qb1 Rb2 31. Qd1 Be5 32. Qa4 Rb8 33. Qa7 Qf8 34. Qa6 Ra8 35. Qb7 Qb8 36. Qxb8+ Rxb8 37. Kf1 Nc2 38. Ra1 Kf8 0-1

[Event "Dvorkovich Memorial rapid op"]
[Site "Taganrog"]
[Date "2018.01.13"]
[Round "6"]
[White "Evdokimov, Alexander A"]
[Black "Zakharov, Alexander V"]
[Result "1-0"]
[WhiteElo "2502"]
[BlackElo "2281"]
[PlyCount "85"]
[EventDate "2018.01.13"]
[EventType "swiss (rapid)"]
[EventRounds "11"]
[EventCountry "RUS"]
[SourceTitle "CBM 182 Extra"]
[Source "ChessBase"]
[SourceDate "2018.02.23"]
[SourceVersion "1"]
[SourceVersionDate "2018.02.23"]
[SourceQuality "1"]

1. Nf3 Nf6 2. c4 e6 3. g3 b6 4. Bg2 Bb7 5. d4 Be7 6. 0-0 0-0 7. Re1 d5 8. cxd5 exd5 9. Nc3 Nbd7 10. Bf4 Ne4 11. Rc1 Bd6 12. Bxd6 cxd6 13. Qb3 Ndf6 14. Bh3 g6 15. Rc2 Nxc3 16. Qxc3 Bc8 17. Bxc8 Rxc8 18. Qd3 Rxc2 19. Qxc2 Qe7 20. Rc1 Re8 21. e3 Ne4 22. Qb3 Qf6 23. Kg2 g5 24. Rc2 g4 25. Nh4 Qe6 26. Rc7 Nd2 27. Qc2 Nc4 28. Qf5 Qxf5 29. Nxf5 a5 30. b3 Nd2 31. Nxd6 Re6 32. Nxf7 Ne4 33. Ne5 h5 34. Nd3 b5 35. Nf4 Rf6 36. Rc2 Rf5 37. Rc8+ Kf7 38. Ra8 a4 39. bxa4 b4 40. Rb8 Rf6 41. Rxb4 Rc6 42. Rb2 h4 43. gxh4 1-0

[Event "EU-chT Seniors"]
[Site "Vienna"]
[Date "2015.07.20"]
[Round "9.4"]
[White "Zakharov, Alexander V"]
[Black "Staub, Gerhard"]
[Result "1-0"]
[WhiteElo "2329"]
[BlackElo "2051"]
[PlyCount "81"]
[EventDate "2015.07.12"]
[EventType "team-swiss"]
[EventRounds "9"]
[EventCountry "AUT"]
[SourceTitle "CBM 167 Extra"]
[Source "ChessBase"]
[SourceDate "2015.09.14"]
[SourceVersion "1"]
[SourceVersionDate "2015.09.14"]
[SourceQuality "1"]
[WhiteTeam "Russia"]
[BlackTeam "Eppingen"]
[WhiteTeamCountry "RUS"]
[BlackTeamCountry "GER"]

1. d4 Nf6 2. c4 e6 3. Nf3 b6 4. a3 Bb7 5. Nc3 Be7 6. d5 0-0 7. e4 exd5 8. cxd5 Re8 9. Bc4 Bd6 10. 0-0 Ba6 11. Bxa6 Nxa6 12. Re1 Ng4 13. h3 Ne5 14. Nd4 Nc5 15. Rf1 Ng6 16. Qc2 Qf6 17. Nde2 a5 18. f4 Qh4 19. e5 Bf8 20. Be3 d6 21. b4 Nd7 22. Qf5 Qe7 23. Nd4 dxe5 24. Nc6 Qd6 25. Rad1 exf4 26. Bd4 Ne7 27. Nxe7+ Qxe7 28. Qxf4 f6 29. Nb5 Ne5 30. Bxe5 fxe5 31. Qc4 axb4 32. d6+ Qe6 33. Qxe6+ Rxe6 34. Nxc7 Rxd6 35. Nxa8 Rxd1 36. Rxd1 Bc5+ 37. Kf1 bxa3 38. Nc7 Bd4 39. Nb5 Bb2 40. Rd8+ Kf7 41. Ra8 1-0

[Event "Wch Seniors 65 24th"]
[Site "Katerini"]
[Date "2014.11.04"]
[Round "11"]
[White "Van Riemsdijk, Herman Claudius"]
[Black "Zakharov, Alexander V"]
[Result "1-0"]
[WhiteElo "2339"]
[BlackElo "2331"]
[PlyCount "93"]
[EventDate "2014.10.24"]
[EventType "swiss"]
[EventRounds "11"]
[EventCountry "GRE"]
[SourceTitle "EXT 2015"]
[Source "ChessBase"]
[SourceDate "2014.11.20"]
[SourceVersion "1"]
[SourceVersionDate "2014.11.20"]
[SourceQuality "1"]

1. e4 c5 2. Nf3 e6 3. d4 cxd4 4. Nxd4 Nc6 5. Nc3 Qc7 6. Nxc6 bxc6 7. Bd3 Nf6 8. 0-0 d5 9. Qf3 Be7 10. Re1 0-0 11. e5 Nd7 12. Bf4 Nc5 13. Bxh7+ Kxh7 14. Qh5+ Kg8 15. Re3 f5 16. Rg3 Bd8 17. Re1 d4 18. Ne2 Qf7 19. Rg6 Bd7 20. Bh6 Be8 21. Bxg7 Qxg7 22. Rxg7+ Kxg7 23. Qf3 Ba5 24. Rd1 d3 25. cxd3 Rd8 26. Nf4 Kf7 27. a3 Bb6 28. b4 Nb3 29. a4 Rh8 30. Qg3 Nd4 31. Qg6+ Kf8 32. Qf6+ Kg8 33. a5 Bc7 34. Nxe6 Nxe6 35. Qxe6+ Bf7 36. Qe7 Rc8 37. Qd7 Kg7 38. e6 Bxh2+ 39. Kf1 Rcf8 40. g3 f4 41. gxf4 Bxf4 42. Ke2 Kf6 43. exf7 Rxf7 44. Qxc6+ Ke7 45. Rg1 Re8 46. Kd1 Be5 47. Re1 1-0

[Event "Wch Seniors 65 24th"]
[Site "Katerini"]
[Date "2014.10.27"]
[Round "4"]
[White "Zakharov, Alexander V"]
[Black "Meizlin, Yaacov"]
[Result "1-0"]
[WhiteElo "2331"]
[BlackElo "2105"]
[PlyCount "71"]
[EventDate "2014.10.24"]
[EventType "swiss"]
[EventRounds "11"]
[EventCountry "GRE"]
[SourceTitle "EXT 2015"]
[Source "ChessBase"]
[SourceDate "2014.11.20"]
[SourceVersion "1"]
[SourceVersionDate "2014.11.20"]
[SourceQuality "1"]

1. e4 c5 2. Nf3 e6 3. Nc3 Nc6 4. d4 cxd4 5. Nxd4 Nf6 6. a3 d5 7. exd5 Nxd5 8. Nxc6 bxc6 9. Ne4 Qc7 10. c4 Qe5 11. Qe2 Nf6 12. Nxf6+ gxf6 13. Qxe5 fxe5 14. g3 Bc5 15. Bg2 Bd7 16. Bg5 Bd4 17. 0-0-0 Rb8 18. Rd2 Rg8 19. h4 c5 20. Re1 Rb3 21. Bf6 Rg4 22. Bh3 Bxf2 23. Rxf2 Rxc4+ 24. Kb1 Rxg3 25. Bg2 Rf4 26. Rxf4 exf4 27. Be4 h5 28. Rd1 c4 29. Bc6 Rd3 30. Rxd3 cxd3 31. Bf3 Ba4 32. Kc1 Kd7 33. Bxh5 Kd6 34. Kd2 Bb5 35. Bxf7 e5 36. Bg5 1-0

[Event "Wch Seniors 65 24th"]
[Site "Katerini"]
[Date "2014.10.25"]
[Round "2"]
[White "Zakharov, Alexander V"]
[Black "Yakovlev, Yuri S"]
[Result "1-0"]
[WhiteElo "2331"]
[BlackElo "1992"]
[PlyCount "45"]
[EventDate "2014.10.24"]
[EventType "swiss"]
[EventRounds "11"]
[EventCountry "GRE"]
[SourceTitle "EXT 2015"]
[Source "ChessBase"]
[SourceDate "2014.11.20"]
[SourceVersion "1"]
[SourceVersionDate "2014.11.20"]
[SourceQuality "1"]

1. d4 d5 2. c4 c6 3. Nf3 e6 4. Qc2 Bd6 5. g3 Nd7 6. Bg2 Ne7 7. 0-0 f5 8. Bf4 Bxf4 9. gxf4 Ng6 10. e3 Nh4 11. Nxh4 Qxh4 12. cxd5 cxd5 13. Nd2 h6 14. Qc7 g5 15. Qd6 Nf6 16. Rac1 Bd7 17. Nf3 Qh5 18. Ne5 gxf4 19. Nxd7 Ne4 20. Qxe6+ Kd8 21. Nf6 Nxf6 22. Qxf6+ Kd7 23. Qg7+ 1-0

[Event "WchT Seniors 65"]
[Site "Vilnius"]
[Date "2014.07.20"]
[Round "8.4"]
[White "Zakharov, Alexander V"]
[Black "Batakovs, Olegs N"]
[Result "1-0"]
[WhiteElo "2341"]
[BlackElo "2090"]
[PlyCount "81"]
[EventDate "2014.07.13"]
[EventType "team-swiss"]
[EventRounds "9"]
[EventCountry "LTU"]
[SourceTitle "CBM 161 Extra"]
[Source "ChessBase"]
[SourceDate "2014.08.29"]
[SourceVersion "1"]
[SourceVersionDate "2014.08.29"]
[SourceQuality "1"]
[WhiteTeam "Russia"]
[BlackTeam "Latvia"]
[WhiteTeamCountry "RUS"]
[BlackTeamCountry "LAT"]

1. e4 c5 2. Nf3 e6 3. Nc3 a6 4. g3 Nc6 5. Bg2 Qc7 6. d4 cxd4 7. Nxd4 d6 8. 0-0 Bd7 9. Nxc6 bxc6 10. Na4 c5 11. c4 Bc6 12. Nc3 Nf6 13. Qe2 Be7 14. Bf4 0-0 15. Rad1 Rad8 16. Rd2 Nd7 17. Nd5 Bxd5 18. cxd5 e5 19. Be3 Qa5 20. b3 Qb5 21. Rc1 Qxe2 22. Rxe2 Rb8 23. Bd2 Rfc8 24. Bh3 Rc7 25. b4 Nb6 26. bxc5 Rxc5 27. Rxc5 dxc5 28. Bc3 Nc4 29. Bf1 f6 30. Re1 Nd6 31. f4 exf4 32. gxf4 Nb5 33. Ba1 Na3 34. e5 Nc2 35. Rc1 Nxa1 36. d6 Bf8 37. Bc4+ Kh8 38. Rxa1 Re8 39. Rd1 fxe5 40. fxe5 a5 41. e6 1-0

[Event "WchT Seniors 65"]
[Site "Vilnius"]
[Date "2014.07.14"]
[Round "2.1"]
[White "Zakharov, Alexander V"]
[Black "Cross, Ian K"]
[Result "1-0"]
[WhiteElo "2341"]
[BlackElo "1657"]
[PlyCount "79"]
[EventDate "2014.07.13"]
[EventType "team-swiss"]
[EventRounds "9"]
[EventCountry "LTU"]
[SourceTitle "CBM 161 Extra"]
[Source "ChessBase"]
[SourceDate "2014.08.29"]
[SourceVersion "1"]
[SourceVersionDate "2014.08.29"]
[SourceQuality "1"]
[WhiteTeam "Russia"]
[BlackTeam "England II"]
[WhiteTeamCountry "RUS"]
[BlackTeamCountry "ENG"]

1. e4 e6 2. d4 d5 3. Nc3 Nf6 4. Bg5 Be7 5. e5 Nfd7 6. h4 a6 7. Qg4 f5 8. Qh5+ Kf8 9. Nh3 Qe8 10. Bxe7+ Qxe7 11. Nf4 Qf7 12. Qxf7+ Kxf7 13. Ncxd5 Nb6 14. Nxb6 cxb6 15. Bc4 Nc6 16. d5 exd5 17. Bxd5+ Ke7 18. 0-0-0 Re8 19. Rhe1 Kf8 20. Bxc6 bxc6 21. Rd6 b5 22. Rxc6 Ra7 23. Rd6 Rd7 24. Ne6+ Kg8 25. Rxd7 Bxd7 26. Nc5 Bc6 27. f3 a5 28. Nb3 Ra8 29. Nd4 Be8 30. Nxf5 g6 31. Nd6 Kf8 32. g4 Ke7 33. f4 b4 34. f5 gxf5 35. gxf5 a4 36. Rg1 b3 37. a3 Ra5 38. f6+ Kf8 39. e6 Bg6 40. e7+ 1-0

[Event "Dvorkovich Memorial op"]
[Site "Taganrog"]
[Date "2014.01.26"]
[Round "9"]
[White "Taysayev, Timur"]
[Black "Zakharov, Alexander V"]
[Result "1-0"]
[WhiteElo "2233"]
[BlackElo "2324"]
[PlyCount "55"]
[EventDate "2014.01.18"]
[EventType "swiss"]
[EventRounds "9"]
[EventCountry "RUS"]
[SourceTitle "CBM 158 Extra"]
[Source "ChessBase"]
[SourceDate "2014.02.28"]
[SourceVersion "1"]
[SourceVersionDate "2014.02.28"]
[SourceQuality "1"]

1. e4 c5 2. Nf3 d6 3. Bb5+ Nc6 4. 0-0 Bd7 5. Re1 Nf6 6. c3 a6 7. Bf1 Bg4 8. h3 Bxf3 9. Qxf3 g6 10. b3 Bg7 11. Bb2 0-0 12. d4 cxd4 13. cxd4 Nd7 14. Rd1 Rc8 15. Na3 b5 16. Nc2 Qb6 17. Rd2 e5 18. Rad1 Bh6 19. Re2 exd4 20. Nxd4 Nce5 21. Qg3 Nf6 22. Nf5 Bg7 23. Rxd6 Qc7 24. Nxg7 Qxd6 25. Nf5 Qe6 26. Bxe5 Rfe8 27. Bxf6 Qxf6 28. Nd6 1-0

[Event "Dvorkovich Memorial op"]
[Site "Taganrog"]
[Date "2014.01.23"]
[Round "6"]
[White "Zakharov, Alexander V"]
[Black "Lugovskoy, Maxim"]
[Result "0-1"]
[WhiteElo "2324"]
[BlackElo "2386"]
[PlyCount "104"]
[EventDate "2014.01.18"]
[EventType "swiss"]
[EventRounds "9"]
[EventCountry "RUS"]
[SourceTitle "CBM 158 Extra"]
[Source "ChessBase"]
[SourceDate "2014.02.28"]
[SourceVersion "1"]
[SourceVersionDate "2014.02.28"]
[SourceQuality "1"]

1. e4 e6 2. d4 d5 3. Nd2 Nc6 4. Ngf3 Nf6 5. e5 Nd7 6. Bd3 f6 7. Ng5 Ndxe5 8. dxe5 fxg5 9. Qh5+ g6 10. Bxg6+ Kd7 11. Bd3 Nxe5 12. Nf3 Nxf3+ 13. gxf3 Be7 14. f4 c6 15. fxg5 Qb6 16. 0-0 Qd4 17. Bd2 Qg7 18. Bc3 d4 19. Bd2 Kc7 20. Rae1 Bd6 21. f4 Bd7 22. h4 Raf8 23. Re2 Be8 24. Qg4 h6 25. g6 h5 26. Qxe6 Rf6 27. Qe4 Rxg6+ 28. Rg2 Rg8 29. Rff2 Rg4 30. Qh7 Bf7 31. Qxg7 R8xg7 32. Be2 R4g6 33. Rxg6 Rxg6+ 34. Kf1 Rg3 35. b3 Bd5 36. Rh2 Be4 37. Bd3 Bxd3+ 38. cxd3 Rxd3 39. Ke2 Rg3 40. Kf2 Rg4 41. Kf3 c5 42. a4 Kc6 43. Ke4 b6 44. Rf2 Rxh4 45. Kf5 Kd5 46. Kg6 Rh3 47. f5 h4 48. Bf4 Bxf4 49. Rxf4 Rg3+ 50. Kh7 h3 51. f6 h2 52. Rh4 Ke6 0-1

[Event "Dvorkovich Memorial op"]
[Site "Taganrog"]
[Date "2014.01.20"]
[Round "3"]
[White "Papin, Vasily"]
[Black "Zakharov, Alexander V"]
[Result "1-0"]
[WhiteElo "2510"]
[BlackElo "2324"]
[PlyCount "67"]
[EventDate "2014.01.18"]
[EventType "swiss"]
[EventRounds "9"]
[EventCountry "RUS"]
[SourceTitle "CBM 158 Extra"]
[Source "ChessBase"]
[SourceDate "2014.02.28"]
[SourceVersion "1"]
[SourceVersionDate "2014.02.28"]
[SourceQuality "1"]

1. c4 Nf6 2. g3 c6 3. Bg2 d5 4. Nf3 Bg4 5. Ne5 Be6 6. cxd5 Bxd5 7. Nf3 e5 8. 0-0 e4 9. Ne1 Bc5 10. Nc3 0-0 11. d3 exd3 12. Nxd5 Nxd5 13. Nxd3 Bb6 14. Qc2 Na6 15. a3 Re8 16. b4 Qe7 17. b5 Nac7 18. e4 Nf6 19. e5 Nfd5 20. bxc6 bxc6 21. Qxc6 Rad8 22. Ra2 Qe6 23. Qxe6 Nxe6 24. Nb4 Nc3 25. Rd2 Nd4 26. Kh1 Rxe5 27. Bb2 Rc5 28. Na6 Rc4 29. Rc1 Ba5 30. Nb4 Rdc8 31. Bf1 Nb3 32. Bxc4 Nxc1 33. Ba6 Nb3 34. Bxc8 1-0

[Event "Dvorkovich Memorial op"]
[Site "Taganrog"]
[Date "2014.01.19"]
[Round "2"]
[White "Zakharov, Alexander V"]
[Black "Kornyukov, Alexey"]
[Result "1/2-1/2"]
[WhiteElo "2324"]
[BlackElo "2437"]
[PlyCount "95"]
[EventDate "2014.01.18"]
[EventType "swiss"]
[EventRounds "9"]
[EventCountry "RUS"]
[SourceTitle "CBM 158 Extra"]
[Source "ChessBase"]
[SourceDate "2014.02.28"]
[SourceVersion "1"]
[SourceVersionDate "2014.02.28"]
[SourceQuality "1"]

1. e4 c5 2. Nf3 Nc6 3. Bb5 e6 4. 0-0 Nge7 5. Re1 a6 6. Bf1 Ng6 7. d4 cxd4 8. Nxd4 Qc7 9. Nc3 Bd6 10. g3 Bc5 11. Be3 0-0 12. f4 Bxd4 13. Bxd4 Nxd4 14. Qxd4 d6 15. Rad1 Rd8 16. e5 d5 17. f5 Nf8 18. f6 b5 19. fxg7 Kxg7 20. Ne4 dxe4 21. Qxd8 Qxe5 22. Qd6 Qxd6 23. Rxd6 Bb7 24. a4 Rc8 25. axb5 axb5 26. Rb6 Bd5 27. c3 Nd7 28. Rxb5 Ne5 29. Be2 f5 30. Ra1 Kf6 31. Kf2 Bc4 32. Bxc4 Nxc4 33. Ra6 Rd8 34. b3 Nb2 35. Rbb6 Rd2+ 36. Ke1 Rxh2 37. Rxe6+ Kg5 38. Red6 Kg4 39. Rd2 Nd3+ 40. Rxd3 exd3 41. Rd6 d2+ 42. Rxd2 Rxd2 43. Kxd2 Kxg3 44. b4 f4 45. b5 f3 46. b6 f2 47. b7 f1Q 48. b8Q+ 1/2-1/2

[Event "Dvorkovich Memorial op 8th"]
[Site "Taganrog"]
[Date "2013.07.28"]
[Round "7"]
[White "Popov, Ivan"]
[Black "Zakharov, Alexander V"]
[Result "1-0"]
[WhiteElo "2632"]
[BlackElo "2356"]
[PlyCount "89"]
[EventDate "2013.07.22"]
[EventType "swiss"]
[EventRounds "9"]
[EventCountry "RUS"]
[SourceTitle "CBM 155 Extra"]
[Source "ChessBase"]
[SourceDate "2013.08.26"]
[SourceVersion "1"]
[SourceVersionDate "2013.08.26"]
[SourceQuality "1"]

1. e4 c5 2. Nf3 d6 3. d4 cxd4 4. Nxd4 Nf6 5. Nc3 g6 6. Be3 Bg7 7. f3 Nc6 8. Qd2 0-0 9. 0-0-0 d5 10. exd5 Nxd5 11. Nxc6 bxc6 12. Bd4 Bxd4 13. Qxd4 Qb6 14. Na4 Qc7 15. Bc4 Rd8 16. g4 Be6 17. Nc5 Nf4 18. Nxe6 Nxe6 19. Qe3 Qf4 20. Qxf4 Nxf4 21. Rhe1 e6 22. Re4 Rxd1+ 23. Kxd1 Rd8+ 24. Kc1 Nd5 25. Bxd5 cxd5 26. Ra4 Rd7 27. Ra6 g5 28. b4 Kg7 29. b5 Kf6 30. Rc6 Ke5 31. Kd2 f5 32. a4 h5 33. gxh5 Rh7 34. a5 Rxh5 35. Rc7 Rxh2+ 36. Kc3 Rh3 37. Rxa7 g4 38. b6 gxf3 39. Kd3 Kd6 40. b7 Kc7 41. a6 Rh8 42. Ra8 Rb8 43. Ke3 e5 44. Kxf3 f4 45. c3 1-0

[Event "Dvorkovich Memorial op 8th"]
[Site "Taganrog"]
[Date "2013.07.23"]
[Round "2"]
[White "Chernov, Alexander Nik"]
[Black "Zakharov, Alexander V"]
[Result "0-1"]
[WhiteElo "2048"]
[BlackElo "2356"]
[PlyCount "76"]
[EventDate "2013.07.22"]
[EventType "swiss"]
[EventRounds "9"]
[EventCountry "RUS"]
[SourceTitle "CBM 155 Extra"]
[Source "ChessBase"]
[SourceDate "2013.08.26"]
[SourceVersion "1"]
[SourceVersionDate "2013.08.26"]
[SourceQuality "1"]

1. d4 Nf6 2. c4 e6 3. Nf3 b6 4. Bg5 h6 5. Bxf6 Qxf6 6. e3 Bb7 7. Be2 Bb4+ 8. Nbd2 0-0 9. 0-0 d5 10. Rc1 Bd6 11. cxd5 exd5 12. Qb3 Nd7 13. Qa4 Qe6 14. b4 a6 15. Qb3 Qe7 16. Rc2 c6 17. Rb1 b5 18. Nf1 a5 19. bxa5 Rxa5 20. Qd3 Rfa8 21. Qd2 Nf6 22. Bd3 Ne4 23. Bxe4 dxe4 24. Ne1 Ra4 25. Rcb2 Qe6 26. d5 cxd5 27. Rxb5 Rxa2 28. R5b2 Rxb2 29. Qxb2 Bc6 30. Nc2 Be5 31. Nd4 Qf6 32. Rd1 Ra4 33. h3 Kh7 34. Nh2 Bd7 35. Nf1 Rc4 36. Qd2 Ba4 37. Rc1 Rxc1 38. Qxc1 Bxd4 0-1

[Event "Belorechensk Seniors op"]
[Site "Belorechensk"]
[Date "2013.02.21"]
[Round "9"]
[White "Zakharov, Alexander V"]
[Black "Petrov, Petr T"]
[Result "1-0"]
[WhiteElo "2377"]
[BlackElo "1954"]
[PlyCount "57"]
[EventDate "2013.02.13"]
[EventType "swiss"]
[EventRounds "9"]
[EventCountry "RUS"]
[SourceTitle "CBM 153 Extra"]
[Source "ChessBase"]
[SourceDate "2013.04.22"]
[SourceVersion "1"]
[SourceVersionDate "2013.04.22"]
[SourceQuality "1"]

1. e4 d5 2. exd5 Qxd5 3. Nc3 Qd6 4. d4 c6 5. Bc4 Nf6 6. Nge2 Bg4 7. f3 Bh5 8. Bf4 Qb4 9. Bb3 e6 10. a3 Qa5 11. Ba2 Qd8 12. Qd2 Bd6 13. 0-0-0 Bg6 14. h4 h5 15. Rhe1 Be7 16. Bg5 Nbd7 17. Nf4 Bf5 18. Nce2 Nf8 19. Ng3 Bh7 20. Ngxh5 Nxh5 21. Nxh5 Rg8 22. g3 Qc7 23. Bxe7 Qxe7 24. Qa5 g5 25. d5 cxd5 26. Rxd5 f6 27. hxg5 Rxg5 28. Rxg5 fxg5 29. Bxe6 1-0

[Event "Belorechensk Seniors op"]
[Site "Belorechensk"]
[Date "2013.02.17"]
[Round "5"]
[White "Maslak, Alexander"]
[Black "Zakharov, Alexander V"]
[Result "1/2-1/2"]
[WhiteElo "2181"]
[BlackElo "2377"]
[PlyCount "41"]
[EventDate "2013.02.13"]
[EventType "swiss"]
[EventRounds "9"]
[EventCountry "RUS"]
[SourceTitle "CBM 153 Extra"]
[Source "ChessBase"]
[SourceDate "2013.04.22"]
[SourceVersion "1"]
[SourceVersionDate "2013.04.22"]
[SourceQuality "1"]

1. e4 c5 2. Nf3 d6 3. d4 cxd4 4. Nxd4 Nf6 5. Nc3 g6 6. Be3 Bg7 7. f3 Nc6 8. Qd2 0-0 9. Bc4 Bd7 10. 0-0-0 Qa5 11. Bb3 Rfc8 12. Kb1 Ne5 13. h4 Nc4 14. Bxc4 Rxc4 15. Nb3 Qa6 16. e5 Ne8 17. Nc5 dxc5 18. Qxd7 Bxe5 19. Ne4 Rb4 20. c3 Qe2 21. Rd2 1/2-1/2

[Event "Belorechensk Seniors op"]
[Site "Belorechensk"]
[Date "2013.02.16"]
[Round "4"]
[White "Zakharov, Alexander V"]
[Black "Lindenbaum, Viktor"]
[Result "1-0"]
[WhiteElo "2377"]
[BlackElo "2003"]
[PlyCount "67"]
[EventDate "2013.02.13"]
[EventType "swiss"]
[EventRounds "9"]
[EventCountry "RUS"]
[SourceTitle "CBM 153 Extra"]
[Source "ChessBase"]
[SourceDate "2013.04.22"]
[SourceVersion "1"]
[SourceVersionDate "2013.04.22"]
[SourceQuality "1"]

1. e4 c5 2. Nf3 d6 3. Nc3 Nc6 4. d4 cxd4 5. Nxd4 Nf6 6. Bc4 g6 7. Nxc6 bxc6 8. e5 Ng4 9. e6 f5 10. h3 Nf6 11. Bf4 d5 12. Nb5 Qa5+ 13. c3 cxb5 14. Bxd5 Bxe6 15. Bxe6 Bg7 16. 0-0 Qb6 17. Qb3 Ne4 18. Rad1 Nc5 19. Bf7+ Kf8 20. Qd5 Rc8 21. Rfe1 Ne4 22. Be3 Qc7 23. Be6 Rb8 24. Bxa7 Re8 25. Be3 b4 26. cxb4 Bxb2 27. f3 Nd6 28. Bd4 Bxd4+ 29. Qxd4 Nf7 30. Qc5 Qg3 31. Qf2 Qb8 32. Bd7 Rd8 33. Qc5 Nd6 34. Qe5 1-0

[Event "Rostov Region-ch op"]
[Site "Rostov on Don"]
[Date "2011.10.20"]
[Round "7.1"]
[White "Kotenko, Pavel"]
[Black "Zakharov, Alexander V"]
[Result "1/2-1/2"]
[WhiteElo "2405"]
[BlackElo "2380"]
[PlyCount "79"]
[EventDate "2011.10.20"]
[EventType "swiss"]
[EventRounds "9"]
[EventCountry "RUS"]
[SourceTitle "EXT 2022"]
[Source "ChessBase"]
[SourceDate "2021.10.06"]
[SourceVersion "1"]
[SourceVersionDate "2021.10.06"]
[SourceQuality "1"]

1. e4 c5 2. Nf3 d6 3. d4 cxd4 4. Nxd4 Nf6 5. Nc3 a6 6. Bg5 e6 7. f4 Be7 8. Qf3 Qc7 9. 0-0-0 Nbd7 10. Bd3 b5 11. Rhe1 Bb7 12. Qg3 0-0-0 13. Bxb5 axb5 14. Ndxb5 Qb8 15. e5 dxe5 16. fxe5 Nc5 17. Qe3 Rxd1+ 18. Rxd1 Ng4 19. Qd2 f6 20. exf6 gxf6 21. Bf4 Ne5 22. b4 Rd8 23. Qxd8+ Bxd8 24. Nd6+ Kc7 25. Ndb5+ Kc6 26. bxc5 Ba6 27. a4 Be7 28. Nd4+ Kxc5 29. Ne4+ Kb6 30. Nxe6 Bc8 31. Be3+ Kb7 32. N6c5+ Kc6 33. Nb3 Ba3+ 34. Kb1 Bf5 35. Ka2 Nc4 36. Nd4+ Kc7 37. Bf4+ Ne5 38. Nb5+ Kc6 39. Nd4+ Kc7 40. Nb5+ 1/2-1/2

[Event "Rostov Region-ch op"]
[Site "Rostov on Don"]
[Date "2011.10.20"]
[Round "4.1"]
[White "Zakharov, Alexander V"]
[Black "Gladkiy, Dmitriy"]
[Result "1/2-1/2"]
[WhiteElo "2380"]
[BlackElo "2267"]
[PlyCount "39"]
[EventDate "2011.10.20"]
[EventType "swiss"]
[EventRounds "9"]
[EventCountry "RUS"]
[SourceTitle "EXT 2022"]
[Source "ChessBase"]
[SourceDate "2021.10.06"]
[SourceVersion "1"]
[SourceVersionDate "2021.10.06"]
[SourceQuality "1"]

1. e4 d6 2. d4 Nf6 3. Nc3 g6 4. Be2 Bg7 5. Bg5 c6 6. Qd2 Qa5 7. f4 Be6 8. Nf3 b5 9. e5 b4 10. exf6 bxc3 11. Qxc3 Qxc3+ 12. bxc3 exf6 13. Bh4 Nd7 14. Nd2 0-0 15. 0-0 Rfe8 16. Bd3 f5 17. Nc4 Bxc4 18. Bxc4 Nf6 19. Bxf6 Bxf6 20. Rab1 1/2-1/2

[Event "Dvorkovich Memorial op 6th"]
[Site "Taganrog"]
[Date "2011.08.08"]
[Round "8"]
[White "Zakharov, Alexander V"]
[Black "Travkina, Anastasia"]
[Result "1/2-1/2"]
[WhiteElo "2393"]
[BlackElo "2176"]
[PlyCount "79"]
[EventDate "2011.08.01"]
[EventType "swiss"]
[EventRounds "9"]
[EventCountry "RUS"]
[SourceTitle "CBM 144 Extra"]
[Source "ChessBase"]
[SourceDate "2011.10.28"]
[SourceVersion "1"]
[SourceVersionDate "2011.10.28"]
[SourceQuality "1"]

1. Nf3 d5 2. c4 e6 3. b3 Nf6 4. Bb2 Be7 5. g3 0-0 6. Bg2 c5 7. 0-0 Nc6 8. cxd5 exd5 9. d4 Be6 10. Nc3 Ne4 11. Rc1 cxd4 12. Nb5 Nc3 13. Nxc3 dxc3 14. Bxc3 Bf6 15. Bxf6 Qxf6 16. e3 Rfd8 17. Qd2 Rab8 18. Rfe1 h6 19. Rc5 d4 20. Nxd4 Nxd4 21. exd4 Qxd4 22. Qxd4 Rxd4 23. f4 g6 24. Be4 Bg4 25. Rd5 Rxe4 26. Rxe4 Bf3 27. Rde5 Bxe4 28. Rxe4 Rc8 29. Kf2 Rc2+ 30. Re2 Rc7 31. g4 g5 32. Kf3 Kg7 33. Rd2 gxf4 34. Kxf4 Re7 35. h4 Kf6 36. Rd6+ Kg7 37. a4 Rc7 38. Rd3 Rc6 39. Kf5 Rb6 40. Rc3 1/2-1/2

[Event "RUS-ch Seniors"]
[Site "Odintsovo"]
[Date "2011.04.27"]
[Round "9"]
[White "Zakharov, Alexander V"]
[Black "Shvedchikov, Anatoli I"]
[Result "0-1"]
[WhiteElo "2394"]
[BlackElo "2419"]
[PlyCount "112"]
[EventDate "2011.04.19"]
[EventType "swiss"]
[EventRounds "9"]
[EventCountry "RUS"]
[SourceTitle "CBM 142 Extra"]
[Source "ChessBase"]
[SourceDate "2011.06.27"]
[SourceVersion "1"]
[SourceVersionDate "2011.06.27"]
[SourceQuality "1"]

1. e4 c5 2. Nf3 Nc6 3. Bb5 g6 4. 0-0 Bg7 5. Re1 Nf6 6. Nc3 0-0 7. e5 Ne8 8. Bxc6 dxc6 9. h3 Nc7 10. d3 Ne6 11. Ne4 b6 12. a4 a5 13. Neg5 Nc7 14. Bf4 h6 15. Ne4 Ne6 16. Bh2 Ra7 17. Ned2 Kh7 18. Nc4 Ba6 19. Qe2 Bxc4 20. dxc4 Rd7 21. Rad1 Rxd1 22. Rxd1 Qc8 23. Qe4 Rd8 24. Rd3 Rxd3 25. cxd3 Qd7 26. g4 b5 27. b3 bxa4 28. bxa4 Qb7 29. h4 Kg8 30. Kg2 Qb3 31. h5 g5 32. Qxc6 Qxd3 33. Qd5 Qc2 34. Qa8+ Bf8 35. Qxa5 Qe4 36. Qc3 Qxg4+ 37. Bg3 Qe4 38. Kf1 g4 39. Ng1 Nd4 40. a5 e6 41. a6 Qb1+ 42. Kg2 Qa2 43. Bf4 Qxa6 44. Qg3 Qxc4 45. Qxg4+ Kh7 46. Be3 Qd5+ 47. Nf3 Nf5 48. Kh3 Bg7 49. Bf4 c4 50. Nh2 c3 51. Qe2 Kg8 52. Nf3 Bf8 53. Kg4 Nd4 54. Nxd4 Qxd4 55. Kf3 Qa4 56. Qe4 Qd1+ 0-1